| 000 | 01080nam0a22002531 4500 | ||
|---|---|---|---|
| 001 | rc\4803382 | ||
| 005 | 20260407133803.0 | ||
| 021 |
_aRU _b[68-69326] |
||
| 035 | _a(NLR Aleph) 008873715 | ||
| 090 |
_a8538028 _c8538028 |
||
| 100 | _a20130426d1968 |||y0rusy50 ca | ||
| 101 | 0 | _arus | |
| 102 | _aRU | ||
| 105 | _ay c ||||| | ||
| 200 | 1 |
_aУказания по устройству поверхностной обработки. ВСН 38-67 _eУтв. 27/X 1967 г. _e[Срок введ. 1 июня 1968 г.] _f(Минавтошосдор РСФСР) _gМ-во автомоб. транспорта и шосс. дорог РСФСР |
|
| 210 |
_aМосква _cТранспорт _d1968 |
||
| 215 |
_a17 с. _d21 |
||
| 606 |
_aДорожные покрытия _xПостройка _2psbo |
||
| 712 | 0 | 1 |
_aРСФСР _bМинистерство автомобильного транспорта и шоссейных дорог _9496604 _3RU\NLR\AUTH\889999718 |
| 801 | 0 |
_aRU _bNLR _gpsbo |
|
| 801 | 1 |
_aRU _bELAR _2rusmarc |
|
| 852 |
_aNLR _jПт 86.1/76-38-67 |
||
| 942 | _cBOOK | ||
| 980 | _aNB | ||